| 000 | 00780nam a22002297a 4500 | ||
|---|---|---|---|
| 005 | 20210429142119.0 | ||
| 008 | 210429b ||||| |||| 00| 0 eng d | ||
| 020 | _a978-2-8073-0556-4 | ||
| 040 |
_aBUAC _cBUC |
||
| 041 | _aFre | ||
| 100 | _aHansenne, Michel | ||
| 245 |
_aPsycholoe de la personnalité _c/ par Michel Hansenne |
||
| 250 | _a5ème éd. | ||
| 260 |
_aBruxelles : _bDe Boeck Supérieur, _c2018. |
||
| 300 |
_a432 p. _bCouv.ill. en Coul; _c24 cm. |
||
| 440 |
_a(Ouvertures Psychologiques) _x2030-4196 |
||
| 500 | _aBibliogr. pp.(376- 404) Glossaire. pp.(405-418) Index des Auteurs. pp.( 419- 423) Index de Notions. pp. (424 - 428) | ||
| 630 | _aPHILOSOPHIE-PSYCHOLOGIE | ||
| 650 | _aPSYCHOLOGIE | ||
| 651 | _aPersonnalité: psychologie | ||
| 942 |
_2ddc _cLBA |
||
| 999 |
_c61924 _d61924 |
||